Statistiques concernant Focus sur: Barty Croupton Jr.- Harry Potter

Cliquez ici pour prendre le quiz!

Statistiques générales

  • Ce quiz a été pris 210 fois
  • Le résultat moyen est 6 sur 7

Statistiques - réponses

Informations recherchéesRéponses% Correct
Statut du sangSang-Pur
100%
Première apparitionHarry Potter et la Coupe de Feu
99%
PèreBarty Croupton Sr.
96%
Lieu de rencontre avec Harry PotterPoudlard
93%
Couleur des cheveuxBlond
85%
Vrai prénomBartemius
76%
Acteur l'interprétant dans les filmsDavid Tennant
33%

Distribution des résultats

Percentile par nombre de réponses

% des personnes avec chaque résultat

Votre développement - résultats

Vous n’avez pas pris ce quiz